000 00834nam a2200265Ia 4500
005 20220316235649.0
008 121119s1996 sp gr6 000 0 spa
020 _a8426103839
041 1 _aspa
100 0 _aHerge
_d1907-1983
245 1 4 _aLas joyas de la castafiore
_cHergé ; traducción de Concepción Zendrera
250 _aPrimera edición
300 _a64 páginas
_c29 cm
650 1 4 _aTiras cómicas, historietas, etc.
_2LEMB
650 1 4 _aTiras cómicas belgas
_2LEMB
650 1 4 _aHistorias de aventuras
_2LEMB
700 1 _aZendrera, Concepción
_etraductor
_912015
942 _2loc
_cBK
264 _aBarcelona
_bJuventud
_c1996
336 _atexto
_btxt
_2rdacontent
337 _asin mediación
_bn
_2rdamedia
338 _avolumen
_bnc
_2rdacarrier
040 _aCO-BoRNBP
_bspa
_erda
_cCO-BoRNBP
084 _aH HER5
999 _c1733
_d1733